Responses for show #6541 - Monday, February 11, 2013

2013 Teen Tournament final game 1.
Leonard Cooper becomes the first tournament finalist by rule after the second semifinal game ended without a winner.

Contestants

Leonard Cooper, a senior from Little Rock, Arkansas

Barrett Block, a senior from Lexington, Kentucky

Nilai Sarda, a freshman from Marietta, Georgia

Jeopardy! Round responses

COLLEGE RECOMMENDATIONS
WORLD CAPITALS
CELEBRITIES
MEDIEVAL TIMES
ONOMATOPOEIA
SNEAKER-ING AROUND
    $200 28
Michigan

Nilai
    $200 3
Lisbon

Barrett
    $200 17
(Leonard: Who is Michael Keaton?)

Christian Bale

Leonard
Triple Stumper
    $200 30
teeth

Leonard
    $200 4
buzz

Barrett
    $200 10
Nike

Nilai
    $400 27
Nebraska

Barrett
    $400 19
Moscow

Leonard
    $400 18
Jon Stewart

Nilai
    $400 29
the bagpipes

Nilai
    $400 5
a sneeze

Nilai
    $400 12
Converse

Leonard
    $600 26
Duke (University)

Nilai
    $600 16
San Jose (Costa Rica)

Leonard
    $600 20
Britney Spears

Leonard
    $600 24
the rack

Leonard
    $600 8
hiss

Nilai
    $600 13
Chicago Bulls

Leonard
    $800 22
Emerson College

Nilai
    $800 7
Kathmandu

Barrett
    $800 21
Taylor Lautner

Nilai
    $800 2
stirrups

Leonard
    $800 1
a boom

Nilai
    $800 14
(Nilai: Uh ... What is ... Puma?)

Reebok

Nilai
Triple Stumper
    $1,000 23
Vanderbilt

Nilai
    $1000 11
Jakarta

Leonard
    $1000 25
Josh Hutcherson

Triple Stumper
    $1000 6
chanson de geste

Triple Stumper
    $1000 9
crunch

Leonard
    $1000 15
Puma

Nilai

Scores at the first commercial break (after clue 15):

Nilai Barrett Leonard
$2,200 $1,200 $3,800

Scores at the end of the Jeopardy! Round:

Nilai Barrett Leonard
$6,400 $1,600 $6,000

Double Jeopardy! Round responses

DISCOVERERS & INVENTORS
BIBLICAL QUOTES
THEY'RE HISTORY!
C BEFORE I, AFTER E
SECRETS
ON THE DOWNLOAD
    $400 1
(Leonard: What is combustion?)

steam (engine)

BarrettLeonard
    $400 11
Al Gore

Barrett
    $400 26
recite

Nilai
    $400 12
confidence

Nilai
    $400 28
World of Warcraft

Nilai
    $2,000 2
hydrogen

Barrett
    $800 29
(Barrett: What is the garden?)
[The end-of-round signal sounds.]

grace

BarrettLeonard
    $800 10
(Susan B.) Anthony

Nilai
    $800 25
precipitation

Leonard
    $800 23
Anne Frank

Leonard
    $800 27
Phillip Phillips

Nilai
    $1200 3
Jonas Salk

Leonard
    $2,000 21
(Barrett: What are roses?)

the lilies

Barrett
    $1200 9
Mao Tse-Tung

Leonard
    $1200 19
depreciate

Barrett
    $1200 22
the Secret Service

Barrett
    $1200 13
Scientology

Barrett
    $1600 4
(Charles) Richter

Leonard
    $1600 7
(Nilai: What is a ram?)

the fatted calf

Nilai
Triple Stumper
    $1600 6
Pike

Nilai
    $1600 18
reciprocate

Barrett
    $1600 16
The Secret Garden

Nilai
    $1600 14
Fruit Ninja

Nilai
    $2000 5
(Leonard: Who is Goddard?)

(Wernher) von Braun

NilaiLeonard
    $2000 24
the Book of Daniel

Triple Stumper
    $2000 8
Cassius

Nilai
    $2000 20
specious

Triple Stumper
    $2000 17
the Know-Nothings

Barrett
    $2000 15
Jack Johnson

Triple Stumper

Scores at the end of the Double Jeopardy! Round:

Nilai Barrett Leonard
$16,400 $8,800 $10,000

Final Jeopardy! Round responses

AMERICAN LITERATURE
BarrettWhat is The Grapes of Wrath?
$8,800
LeonardWhat is The Awakening
$7,000
NilaiWhat is the Grapes of Wrath
$2,600
The Grapes of Wrath

Final scores:

Nilai Barrett Leonard
$19,000 $17,600 $3,000

Game dynamics:

Coryat scores:

Nilai Barrett Leonard
$16,400 $9,600 $10,000
22 R
(including 1 DD),
2 W
12 R
(including 1 DD),
2 W
(including 1 DD)
16 R,
3 W

Combined Coryat: $36,000

The J! Archive is created by fans, for fans. The Jeopardy! game show and all elements thereof, including but not limited to copyright and trademark thereto, are the property of Jeopardy Productions, Inc. and are protected under law. This website is not affiliated with, sponsored by, or operated by Jeopardy Productions, Inc. Join the discussion at JBoard.tv.